MARC details
| 000 -CABECERA |
| campo de control de longitud fija |
01001cam a2200217 a 4500 |
| 001 - NÚMERO DE CONTROL |
| campo de control |
000001116 |
| 005 - FECHA Y HORA DE LA ÚLTIMA TRANSACCIÓN |
| campo de control |
20200929145459.0 |
| 008 - DATOS DE LONGITUD FIJA--INFORMACIÓN GENERAL |
| campo de control de longitud fija |
850417s1954 sp a 001 0 spa |
| 040 ## - FUENTE DE LA CATALOGACIÓN |
| Centro catalogador/agencia de origen |
DO-SdBNP |
| Lengua de catalogación |
spa |
| Centro/agencia transcriptor |
BNPHU |
| 082 ## - NÚMERO DE LA CLASIFICACIÓN DECIMAL DEWEY |
| Número de clasificación |
624.183414 |
| Número de documento/Ítem |
K47c |
| 100 1# - ENTRADA PRINCIPAL--NOMBRE DE PERSONA |
| Nombre de persona |
Kiehne, Siegfried, |
| Fechas asociadas al nombre |
1885- |
| 9 (RLIN) |
3827 |
| 240 10 - TÍTULO UNIFORME |
| Título uniforme |
Bauten aus Beton- und Stahlbeton-Fertigteilen. |
| Lenguaje de la obra |
Español |
| 245 10 - MENCIÓN DE TÍTULO |
| Título |
Construcción con prefabricados de hormigón y hormigón armado : |
| Resto del título |
clasificación de las construciones composición del material prefabricados como elementos de construción situación, disposición y equipo de las fábricas / |
| Mención de responsabilidad, etc. |
Siegfried Kiehne, Peter Bonatz. |
| 260 ## - PUBLICACIÓN, DISTRIBUCIÓN, ETC. |
| Lugar de publicación, distribución, etc. |
Barcelona : |
| Nombre del editor, distribuidor, etc. |
Reverté, |
| Fecha de publicación, distribución, etc. |
1954. |
| 300 ## - DESCRIPCIÓN FÍSICA |
| Extensión |
xii, 357 p. : |
| Otras características físicas |
il. ; |
| Dimensiones |
24 cm. |
| 534 ## - NOTA SOBRE LA VERSIÓN ORIGINAL |
| Encabezamiento principal del original |
Versión española de la obra: |
| Mención de título del original |
Bauten aus Beton- und Stahlbeton-Fertigteilen |
| 650 #4 - PUNTO DE ACCESO ADICIONAL DE MATERIA--TÉRMINO DE MATERIA |
| Término de materia o nombre geográfico como elemento de entrada |
Construcciones prefabricadas |
| 9 (RLIN) |
3828 |
| 650 #4 - PUNTO DE ACCESO ADICIONAL DE MATERIA--TÉRMINO DE MATERIA |
| Término de materia o nombre geográfico como elemento de entrada |
Construcción de hormigón |
| 9 (RLIN) |
3829 |
| 650 #4 - PUNTO DE ACCESO ADICIONAL DE MATERIA--TÉRMINO DE MATERIA |
| Término de materia o nombre geográfico como elemento de entrada |
Construcción de hormigón armado |
| 9 (RLIN) |
3830 |
| 700 1# - PUNTO DE ACCESO ADICIONAL--NOMBRE DE PERSONA |
| Nombre de persona |
Bonatz, Peter |
| 9 (RLIN) |
3831 |